| 000 | 00318nam a2200121Ia 4500 | ||
|---|---|---|---|
| 008 | 190216s9999||||xx |||||||||||||| ||und|| | ||
| 100 | _aSancheti D C&Amp; Kapoor V K | ||
| 245 | 0 | _aStatistics Theory Methods & Application | |
| 260 |
_bSulthan Chand&Sons _c1978 |
||
| 300 | _a1120p | ||
| 650 | _aEconomics | ||
| 942 | _cBK | ||
| 999 |
_c37171 _d37171 |
||